000
00340 a2200157 4500
001
70212
020
_a
8574061034
040
_c
Anchieta - Itaigara
100
_a
Mello, Roger
240
1
0
_a
Meninos do mangue
_l
por
245
1
0
_a
Meninos do mangue
300
_a
70
362
0
_a
2001
650
4
_a
Literatura infanto-juvenil
942
_c
BK
999
_c
70212
_d
70212